Statistics for Learning Oregonian Cities

Click here to take the quiz!

General Stats

  • This quiz has been taken 14 times
  • The average score is 8 of 30

Answer Stats

HintAnswer% Correct
CoastAstoria
57%
CoastBeaver
57%
I-5Ashland
43%
EastBurns
43%
EastRedmond
43%
PDXTualatin
43%
CoastBrookings
29%
I-5Creswell
29%
I-5Dallas
29%
I-5Drain
29%
PDXDurham
29%
CoastGold Beach
29%
CoastLincoln City
29%
PDXRaleigh Hills
29%
CoastReedsport
29%
PDXSherwood
29%
I-5Silverton
29%
I-5Stayton
29%
PDXTroutdale
29%
I-5Coburg
14%
PDXFairview
14%
I-5Glendale
14%
I-5Glide
14%
I-5Green
14%
I-5Harrisburg
14%
CoastLakeside
14%
CoastLincoln Beach
14%
I-5Lowell
14%
EastSunriver
14%
I-5White City
14%

Score Distribution

Percentile by Number Answered

Percent of People with Each Score

Your Score History

You have not taken this quiz